| 000 | 00689 a2200217 4500 | ||
|---|---|---|---|
| 003 | OSt | ||
| 005 | 20180116182717.0 | ||
| 008 | 160503b xxu||||| |||| 00| 0 eng d | ||
| 020 | _a8171694624 | ||
| 020 | _a9788171694624 | ||
| 040 | _c0 | ||
| 082 | _a658.87 DUB1997 | ||
| 100 | _aV.K Dabey | ||
| 245 | 0 | 0 |
_aRetail Management. _bV.K Dabey |
| 260 |
_a[S.l.] : _bCommonwealth Publishers, _c1997. |
||
| 300 | _a1 v. (unpaged) | ||
| 500 | _aUnknown Binding. | ||
| 856 | 4 | 0 |
_3Amazon.com _uhttp://www.amazon.com/exec/obidos/ASIN/8171694624/chopaconline-20 |
| 856 | 4 | 0 |
_3Amazon customer reviews _uhttp://www.chopac.org/cgi-bin/tools/azrev.pl?q=8171694624 |
| 942 |
_aNBS _cBK _k658.87 DUB _2ddc |
||
| 999 |
_c344599 _d344599 |
||